बिरबल आणि बादशाह यांच्या 101 गोष्टी (Record no. 31837)

MARC details
000 -LEADER
fixed length control field 00579nam a2200145Ia 4500
008 - FIXED-LENGTH DATA ELEMENTS--GENERAL INFORMATION
fixed length control field 090122s9999 xx 000 0 und d
082 ## - DEWEY DECIMAL CLASSIFICATION NUMBER
Item number 7760
Classification number O155 : B
100 ## - MAIN ENTRY--PERSONAL NAME
Personal name गडकर
Numeration रेचल
245 ## - TITLE STATEMENT
Title बिरबल आणि बादशाह यांच्या 101 गोष्टी
600 ## - SUBJECT ADDED ENTRY--PERSONAL NAME
Personal name गडकर
630 ## - SUBJECT ADDED ENTRY--UNIFORM TITLE
Uniform title बिरबल आणि बादशाह यांच्या 101 गोष्टी
700 ## - ADDED ENTRY--PERSONAL NAME
Personal name गडकर
730 ## - ADDED ENTRY--UNIFORM TITLE
Uniform title बिरबल आणि बादशाह यांच्या 101 गोष्टी
942 ## - ADDED ENTRY ELEMENTS (KOHA)
Koha item type Book
Holdings
Withdrawn status Lost status Damaged status Not for loan Home library Current library Date acquired Total Checkouts Full call number Barcode Date last seen Copy number Price effective from Koha item type
        Dombivali Granthasangrahalaya, Dombivali Dombivali Granthasangrahalaya, Dombivali 01/22/2009   7760 DOM-7760 01/22/2009 1 01/22/2009 Book